Hysterie und Weiblichkeit: Wissenschaftsmythen über die Frau
| Main Author: | |
|---|---|
| Format: | Print Book |
| Language: | German |
| Subito Delivery Service: | Order now. |
| Check availability: | HBZ Gateway |
| WorldCat: | WorldCat |
| Interlibrary Loan: | Interlibrary Loan for the Fachinformationsdienste (Specialized Information Services in Germany) |
| Published: |
Frankfurt New York
Campus Verlag
1983
|
| In: | Year: 1983 |
| Standardized Subjects / Keyword chains: | B
Concept of
/ Hysteria
/ Geschichte Anfänge-1900
B Concept of / Hysteria / Civil society / Woman / Geschichte Anfänge-1900 B Hysteria / Concept of / Geschichte Anfänge-1900 B Civil society / Hysteria / Concept of / Woman / Geschichte Anfänge-1900 |
| Further subjects: | B
Hysteria
B Feminism |
MARC
| LEADER | 00000cam a2200000 c 4500 | ||
|---|---|---|---|
| 001 | 024960721 | ||
| 003 | DE-627 | ||
| 005 | 20251219211209.0 | ||
| 007 | tu | ||
| 008 | 710101s1983 gw ||||| 00| ||ger c | ||
| 015 | |a 83,N13,0257 |2 dnb | ||
| 015 | |a 83,A31,0532 |2 dnb | ||
| 016 | 7 | |a 830379118 |2 DE-101 | |
| 020 | |a 3593331195 |9 3-593-33119-5 | ||
| 035 | |a (DE-627)024960721 | ||
| 035 | |a (DE-576)009273948 | ||
| 035 | |a (DE-599)GBV024960721 | ||
| 035 | |a (OCoLC)239756167 | ||
| 035 | |a (AT-OBV)AC02136168 | ||
| 035 | |a (DE-604)8001571540 | ||
| 040 | |a DE-627 |b ger |c DE-627 |e rda | ||
| 041 | |a ger | ||
| 044 | |c XA-DE |c XD-US | ||
| 082 | 0 | |a 615.85/24 |q OCLC | |
| 084 | |a 33 |2 sdnb | ||
| 084 | |a 1 |2 ssgn | ||
| 084 | |a MS 3000 |2 rvk |0 (DE-625)rvk/123652: | ||
| 084 | |a CU 4000 |2 rvk |0 (DE-625)rvk/19113: | ||
| 100 | 1 | |e VerfasserIn |0 (DE-588)172355362 |0 (DE-627)697299694 |0 (DE-576)133220761 |4 aut |a Schaps, Regina | |
| 109 | |a Schaps, Regina | ||
| 191 | |a 1 | ||
| 245 | 1 | 0 | |a Hysterie und Weiblichkeit |b Wissenschaftsmythen über die Frau |c Regina Schaps |
| 264 | 1 | |a Frankfurt |a New York |b Campus Verlag |c 1983 | |
| 300 | |a 212 Seiten |b Illustrationen | ||
| 336 | |a Text |b txt |2 rdacontent | ||
| 337 | |a ohne Hilfsmittel zu benutzen |b n |2 rdamedia | ||
| 338 | |a Band |b nc |2 rdacarrier | ||
| 500 | |a Literaturverzeichnis: Seite 180-197 | ||
| 583 | 1 | |a Massenentsäuert |c 2017 |k DE-18 |2 pdager |5 DE-18-308 | |
| 583 | 1 | |a Archivierung/Langzeitarchivierung gewährleistet |f SSG |x XA-DE-BW |2 pdager |5 DE-21 | |
| 601 | |a Weiblichkeit | ||
| 650 | 0 | |a Hysteria | |
| 650 | 0 | |a Feminism | |
| 689 | 0 | 0 | |d s |0 (DE-588)4005248-5 |0 (DE-627)106382365 |0 (DE-576)208859918 |2 gnd |a Begriff |
| 689 | 0 | 1 | |d s |0 (DE-588)4026411-7 |0 (DE-627)106288563 |0 (DE-576)208966153 |2 gnd |a Hysterie |
| 689 | 0 | 2 | |q z |2 gnd |a Geschichte Anfänge-1900 |
| 689 | 0 | |5 DE-101 | |
| 689 | 1 | 0 | |d s |0 (DE-588)4005248-5 |0 (DE-627)106382365 |0 (DE-576)208859918 |2 gnd |a Begriff |
| 689 | 1 | 1 | |d s |0 (DE-588)4026411-7 |0 (DE-627)106288563 |0 (DE-576)208966153 |2 gnd |a Hysterie |
| 689 | 1 | 2 | |d s |0 (DE-588)4112846-1 |0 (DE-627)105834149 |0 (DE-576)209471336 |2 gnd |a Bürgerliche Gesellschaft |
| 689 | 1 | 3 | |d s |0 (DE-588)4125057-6 |0 (DE-627)105743011 |0 (DE-576)209573368 |2 gnd |a Frauenbild |
| 689 | 1 | 4 | |q z |2 gnd |a Geschichte Anfänge-1900 |
| 689 | 1 | |5 DE-101 | |
| 689 | 2 | 0 | |d s |0 (DE-588)4026411-7 |0 (DE-627)106288563 |0 (DE-576)208966153 |2 gnd |a Hysterie |
| 689 | 2 | 1 | |d s |0 (DE-588)4005248-5 |0 (DE-627)106382365 |0 (DE-576)208859918 |2 gnd |a Begriff |
| 689 | 2 | 2 | |q z |2 gnd |a Geschichte Anfänge-1900 |
| 689 | 2 | |5 (DE-627) | |
| 689 | 3 | 0 | |d s |0 (DE-588)4112846-1 |0 (DE-627)105834149 |0 (DE-576)209471336 |2 gnd |a Bürgerliche Gesellschaft |
| 689 | 3 | 1 | |d s |0 (DE-588)4026411-7 |0 (DE-627)106288563 |0 (DE-576)208966153 |2 gnd |a Hysterie |
| 689 | 3 | 2 | |d s |0 (DE-588)4005248-5 |0 (DE-627)106382365 |0 (DE-576)208859918 |2 gnd |a Begriff |
| 689 | 3 | 3 | |d s |0 (DE-588)4125057-6 |0 (DE-627)105743011 |0 (DE-576)209573368 |2 gnd |a Frauenbild |
| 689 | 3 | 4 | |q z |2 gnd |a Geschichte Anfänge-1900 |
| 689 | 3 | |5 (DE-627) | |
| 935 | |a mteo | ||
| 935 | |i Blocktest | ||
| 936 | r | v | |a MS 3000 |b Allgemeines |k Soziologie |k Spezielle Soziologien |k Soziologische Geschlechterforschung (Gender Studies) |k Spezielle Forschungsgebiete der soziologischen Geschlechterforschung |k Allgemeines |0 (DE-627)1270705695 |0 (DE-625)rvk/123652: |0 (DE-576)200705695 |
| 936 | r | v | |a CU 4000 |b Spezielle Verhaltensstörungen und Symptome |k Psychologie |k Klinische Psychologie |k Psychische Störungen |k Spezielle Verhaltensstörungen und Symptome |0 (DE-627)1270710176 |0 (DE-625)rvk/19113: |0 (DE-576)200710176 |
| 951 | |a BO | ||
| ELC | |b 1 | ||
| ITA | |a 1 |t 1 | ||
| LOK | |0 000 xxxxxcx a22 zn 4500 | ||
| LOK | |0 001 319122789X | ||
| LOK | |0 003 DE-627 | ||
| LOK | |0 004 024960721 | ||
| LOK | |0 005 20010210000000 | ||
| LOK | |0 008 940928||||||||||||||||ger||||||| | ||
| LOK | |0 040 |a DE-21 |c DE-627 |d DE-21 | ||
| LOK | |0 852 |a DE-21 | ||
| LOK | |0 852 1 |c 23 A 7840 |9 00 | ||
| LOK | |0 935 |a comp |a konv | ||
| LOK | |0 939 |a 28-09-94 |b l01 | ||
| LOK | |0 000 xxxxxcx a22 zn 4500 | ||
| LOK | |0 001 3191227989 | ||
| LOK | |0 003 DE-627 | ||
| LOK | |0 004 024960721 | ||
| LOK | |0 005 20090723130247 | ||
| LOK | |0 008 010123||||||||||||||||ger||||||| | ||
| LOK | |0 040 |a DE-21-35 |c DE-627 |d DE-21-35 | ||
| LOK | |0 541 |e 1983/69362 | ||
| LOK | |0 852 |a DE-21-35 | ||
| LOK | |0 852 1 |c Mr 3.672 |m p |9 00 | ||
| LOK | |0 938 |k p | ||
| LOK | |0 939 |a 23-01-01 |b l01 | ||
| LOK | |0 000 xxxxxcx a22 zn 4500 | ||
| LOK | |0 001 3191228004 | ||
| LOK | |0 003 DE-627 | ||
| LOK | |0 004 024960721 | ||
| LOK | |0 005 20100407000241 | ||
| LOK | |0 008 050716||||||||||||||||ger||||||| | ||
| LOK | |0 040 |a DE-21-43 |c DE-627 |d DE-21-43 | ||
| LOK | |0 541 |e 87/1696 | ||
| LOK | |0 852 |a DE-21-43 | ||
| LOK | |0 852 1 |c Bgh 166 |m p |9 00 | ||
| LOK | |0 935 |a k043 | ||
| LOK | |0 938 |k p | ||
| LOK | |0 939 |a 16-07-05 |b l01 | ||
| LOK | |0 000 xxxxxcx a22 zn 4500 | ||
| LOK | |0 001 3191228012 | ||
| LOK | |0 003 DE-627 | ||
| LOK | |0 004 024960721 | ||
| LOK | |0 005 20100407040240 | ||
| LOK | |0 008 030515||||||||||||||||ger||||||| | ||
| LOK | |0 040 |a DE-21-51 |c DE-627 |d DE-21-51 | ||
| LOK | |0 541 |e 96/234 | ||
| LOK | |0 852 |a DE-21-51 | ||
| LOK | |0 852 1 |c Se 68 |m p |9 00 | ||
| LOK | |0 935 |a k051 | ||
| LOK | |0 938 |k p | ||
| LOK | |0 939 |a 15-05-03 |b l01 | ||
| LOK | |0 000 xxxxxcx a22 zn 4500 | ||
| LOK | |0 001 3191228020 | ||
| LOK | |0 003 DE-627 | ||
| LOK | |0 004 024960721 | ||
| LOK | |0 005 20100407070508 | ||
| LOK | |0 008 050323||||||||||||||||ger||||||| | ||
| LOK | |0 040 |a DE-21-85 |c DE-627 |d DE-21-85 | ||
| LOK | |0 541 |e 83-182 | ||
| LOK | |0 689 |a s |0 131108035X |a Frau | ||
| LOK | |0 852 |a DE-21-85 | ||
| LOK | |0 852 1 |c 3.152.1983 |m p |9 00 | ||
| LOK | |0 935 |a k085 | ||
| LOK | |0 938 |k p | ||
| LOK | |0 939 |a 23-03-05 |b l01 | ||
| LOK | |0 000 xxxxxcx a22 zn 4500 | ||
| LOK | |0 001 3191228039 | ||
| LOK | |0 003 DE-627 | ||
| LOK | |0 004 024960721 | ||
| LOK | |0 005 20100407094318 | ||
| LOK | |0 008 050719||||||||||||||||ger||||||| | ||
| LOK | |0 040 |a DE-21-93 |c DE-627 |d DE-21-93 | ||
| LOK | |0 541 |e 83/297 | ||
| LOK | |0 852 |a DE-21-93 | ||
| LOK | |0 852 1 |c 3 A 111 |m p |9 00 | ||
| LOK | |0 935 |a k093 | ||
| LOK | |0 938 |k p | ||
| LOK | |0 939 |a 19-07-05 |b l01 | ||
| ORI | |a SA-MARC-ixtheoa001.raw | ||
| REL | |a 1 | ||
| STA | 0 | 0 | |a Civil society,Concept of,Idea,Conception,Hysteria,Woman |
| STB | 0 | 0 | |a Concept,Terme,Terme,Hystérie,Image de la femme,Société civile |
| STC | 0 | 0 | |a Histeria,Imagen de las mujeres,Sociedad civil,Término,Concepto,Concepto |
| STD | 0 | 0 | |a Concetto,Immagine della donna,Isteria,Società civile |
| STE | 0 | 0 | |a 女人,妇女,概念,歇斯底里,癔症,癔病 |
| STF | 0 | 0 | |a 女人,婦女,概念,歇斯底里,癔症,癔病 |
| STG | 0 | 0 | |a Histeria,Imagem das mulheres,Sociedade civil,Termo,Conceito,Conceito |
| STH | 0 | 0 | |a Гражданское общество,Изображение женщин,Истерия,Понятие |
| STI | 0 | 0 | |a Έννοια,Εικόνα της γυναίκας,Κοινωνία των πολιτών,Υστερία |
| SUB | |a REL | ||
| SYG | 0 | 0 | |a Konzept , Konzept , Civil society,Zivilgesellschaft , Frau , Konzept , Civil society,Zivilgesellschaft , Konzept , Frau |